000
00265nam a22001217a 4500
082
_a
297.44
100
_a
Syed Ali Hujweri
245
_a
KASHF UL MAHJOOB
260
_a
Lahore:
_b
Islami Kutab Khana;
_c
2010.
300
_a
560p. ;
500
_a
Hardcover.
942
_c
BK
999
_c
32592
_d
32592